00748nam a22002172 450000100060000000300080000600500170001400800410003103500190007204000320009104100080012308200250013110000390015624500630019526000660025830000210032465000180034594200120036399900170037595201380039280529BD-RjUL20221013113406.0221013s19751935enk 000 0 eng d a(BD-RjUL)80529 aORCcORCdEQOdBD-RjULbeng aeng 223a822.91bWIN 19751 aWilliams, Emlyn,d1905-1987.9523610aNight must fall :ba play in three acts /cEmlyn Williams. aLondon :bHeinemann Educational Books,c1935 [reprinted 1975] a120 p. ;c19 cm. aEnglish drama 2ddccBK c80529d80529 00102ddc40718NFICaRUCLbRUCLcReadingd1977-07-07eHeffer and sonsl0o822.91 WIN 1975r2022-10-13 00:00:00tC-1w2022-10-13yBK